000 00715nam a2200253 a 4500
005 20140310183525.0
008 110803s19uu xx 00 eng d
020 _a9781111749866
050 _aTK 7885
_b.C738 2011
245 _aComputer fundamentals and logic formulation /
250 _a2nd
260 _aPasig City, Phils :
_bCengage Learning,
_c2011.
300 _a351 p. :
_bill. ;
_c24 cm.
500 _aIt includes appendices, glossary and index.
521 _aIT
650 _aElectronic digital computers.
700 _aJoyce Farrell
700 _aGreg Anderson
700 _aDavid Ferro
700 _aRobert Hilton
700 _aCharles H. Roth
942 _cBK
_2lcc
_kFOR
999 _c24503
_d24503